Biblioteca

Educación para el trabajo (Registro nro. 66279)

Detalles MARC
000 -LÍDER
Campo fijo de descripción fija 01969nam a2200313 i 4500
001 - NÚMERO DE CONTROL
Campo de control 768714001
003 - IDENTIFICADOR DEL NÚMERO DE CONTROL
Campo de control CO-MdFUSB
005 - FECHA Y HORA DE LA ULTIMA TRANSACCIÓN
control field 20210908112648.0
007 - CAMPO FIJO DE DESCRIPCIÓN FIJA--INFORMACIÓN GENERAL
Campo fijo de descripción fija ta
008 - ELEMENTOS DE LONGITUD FIJA -- INFORMACIÓN GENERAL
Campo fijo de descripción fija -- Información general 200624t1998 ck d|||| |||| 00| 0 spa d
020 ## - NÚMERO INTERNACIONAL NORMALIZADO PARA LIBROS
Número Internacional Normalizado del libro 9789582004187
040 ## - FUENTE DE CATALOGACIÓN
Agencia de catalogación original CO-MdFUSB
Idioma de catalogación spa
Agencia que realiza la transcripción CO-MdFUSB
Agencia que realiza la modificación CO-MdFUSBC
Convenciones de la descripción rda
041 ## - CÓDIGO DE IDIOMA
Código de idioma para texto/pista de sonido o título separado spa
082 ## - NÚMERO DE CLASIFICACIÓN DECIMAL DEWEY
Número de la edición del Dewey 23
Número de clasificación 378.01
Clave de autor-Numero de item G633
100 ## - ASIENTO PRINCIPAL--NOMBRE PERSONAL
Nombre personal Gómez Campo, Victor Manuel
Fechas asociadas con el nombre 1944-
Término relacionador autor
245 1# - TÍTULO
Título del Material Educación para el trabajo
Parte restante del título - Subtitulo : un estudio de la educación técnica industrial
Mención de responsabilidad, etc. / Víctor Manuel Gómez Campo
264 #1 - PRODUCCIÓN, PUBLICACIÓN, DISTRIBUCIÓN, MANUFACTURA, Y COPYRIGHT
Lugar de producción, publicación, distribución, manufactura Santafé de Bogotá :
Nombre del productor, publicador, distribuidor Cooperativa Editorial Magisterio,
Fecha de producción, publicación, distribución, manufactura, o copyright [1998]
264 #4 - PRODUCCIÓN, PUBLICACIÓN, DISTRIBUCIÓN, MANUFACTURA, Y COPYRIGHT
Fecha de producción, publicación, distribución, manufactura, o copyright ©1998
300 ## - DESCRIPCIÓN FÍSICA
Extensión 250 páginas
Dimensiones ; 22 cm
336 ## - TIPO DE CONTENIDO
Fuente rdacontent
Término de tipo de contenido texto
Código de tipo de contenido txt
337 ## - TIPO DE MEDIO
Fuente rdamedia
Nombre del tipo de medio sin mediación
Código del tipo de medio n
338 ## - TIPO DE SOPORTE
Fuente rdacarrier
Nombre del tipo de soporte volumen
Código Tipo de soporte nc
490 ## - MENCIÓN DE SERIE
Mención de serie Colección mesa redonda
505 ## - NOTA DE CONTENIDO
Nota de contenido con formato preestablecido Introducción -- Consideraciones teóricas e históricas de la educación técnica -- La educación media y la modalidad técnica en Colombia -- La educación "general" o académica y la técnica profesional -- La "calidad" de la educación técnica profesional (o no académica) -- Antecedentes históricos de la educación técnica industrial -- La educación técnica industrial en Colombia: ¿Educación pra pobres o educación bivalente -- ¿Qué sabemos sobre la educación técnica industrial en Colombia? -- Objetivos de formación general y ocupacional en las instituciones estudiadas -- Origen y características del cuerpo estudiantil -- El currículo en las instituciones técnicas -- Los docentes del área técnica -- Relaciones externas de los institutos -- Los egresados -- Alcances, limitaciones y políticas en la educación media y técnica -- Aspectos positivos en la educación técnica industrial -- Problemas y limitaciones -- Opciones de política en la educación media -- Referencias bibliográficas
563 ## - NOTA DE ENCUADERNACIÓN
Nota de encuadernación Rústico
650 #0 - ASIENTO SECUNDARIO DE MATERIA - TERMINO TEMÁTICO
9 (RLIN) 984
Término temático o nombre geográfico como elemento de entrada Educación
942 ## - TIPO DE MATERIAL (KOHA)
Tipo de Item KOHA Libros General
945 ## - INFORMACIÓN LOCAL DEL REGISTRO
Catalogador Dani
Existencias
Estado de Material Estado de Perdido Forma de Clasificación Estado de Dañado No para Préstamo Colección Biblioteca de Origen Biblioteca Permanente Fecha de Adquisición Área Total de Préstamos Signatura Topográfica Código de Barras Última vez visto Ejemplar/Existencia Fecha de Remplazo Tipo de Material
    Dewey Decimal Classification     Colección General Biblioteca FUSBC Biblioteca FUSBC 24/06/2020 EDUCACIÓN   G 378.01 G633e 7503 24/06/2020 Ej.1 24/06/2020 Libros General

Biblioteca FUSBC | Teléfono: (57+4) 349 88 10 Ext. 141| WhatsApp (+57) 3005338115 
E-mail: biblioteca@unisbc.edu.co | Calle 76 87-14 Robledo Palenque, Medellín, Colombia

Con tecnología Koha